[Event "Weiz op 15th"]
[Site "Weiz"]
[Date "2016.05.26"]
[Round "2"]
[White "Maier, Gerald"]
[Black "Kuttnig, Roland"]
[Result "0-1"]
[WhiteElo "1999"]
[BlackElo "1876"]
[PlyCount "80"]
[EventDate "2016.05.26"]
[EventType "swiss"]
[EventRounds "5"]
[EventCountry "AUT"]
[SourceTitle "CBM 172 Extra"]
[Source "ChessBase"]
[SourceDate "2016.06.21"]
[SourceVersion "1"]
[SourceVersionDate "2016.06.21"]
[SourceQuality "1"]

1. e4 e5 2. Nf3 Nc6 3. Bc4 Bc5 4. b4 Bxb4 5. c3 Be7 6. d4 d6 7. 0-0 Nf6 8. h3 0-0 9. Nbd2 h6 10. Re1 Re8 11. Nf1 Bf8 12. Ng3 g6 13. Qb3 Qe7 14. Ba3 Na5 15. Qa4 Nxc4 16. Qxc4 Qd8 17. dxe5 dxe5 18. Rad1 Bd7 19. Bxf8 Kxf8 20. Qb4+ c5 21. Qxb7 Qc8 22. Qxc8 Raxc8 23. Rd6 Ke7 24. Red1 Rc6 25. R6d2 Ke6 26. Nh2 h5 27. Nf3 Bc8 28. Ne1 h4 29. Ne2 Nxe4 30. Rd5 g5 31. f3 Nd6 32. Nc2 Nc4 33. Kf2 Rd6 34. Rxd6+ Nxd6 35. Ne3 Bb7 36. Rb1 Bc6 37. c4 Re7 38. Nc3 Rb7 39. Rb3 Rb4 40. Ncd5 Ra4 0-1

[Event "Schwarzach op 26th"]
[Site "Schwarzach"]
[Date "2011.08.21"]
[Round "2"]
[White "Kuttnig, Roland"]
[Black "Kovacevic, Blazimir"]
[Result "0-1"]
[WhiteElo "1913"]
[BlackElo "2480"]
[PlyCount "44"]
[EventDate "2011.08.20"]
[EventType "swiss"]
[EventRounds "9"]
[EventCountry "AUT"]
[SourceTitle "CBM 144 Extra"]
[Source "ChessBase"]
[SourceDate "2011.10.28"]
[SourceVersion "1"]
[SourceVersionDate "2011.10.28"]
[SourceQuality "1"]

1. e4 e6 2. d4 d5 3. e5 c5 4. c3 Nc6 5. Nf3 Nh6 6. Na3 cxd4 7. cxd4 Bxa3 8. bxa3 Nf5 9. Be3 Qa5+ 10. Qd2 Qxa3 11. Bb5 Bd7 12. 0-0 Nxe5 13. Nxe5 Bxb5 14. Rfc1 f6 15. Nf3 Bc4 16. Rc3 Qe7 17. Re1 0-0 18. Qc2 Qd7 19. Bc1 Rfc8 20. g4 Nd6 21. Nd2 Nb5 22. Qa4 Rc7 0-1

[Event "St Veit op-A 28th"]
[Site "St Veit"]
[Date "2009.07.17"]
[Round "7"]
[White "Bornet, Rene"]
[Black "Kuttnig, Roland"]
[Result "1/2-1/2"]
[WhiteElo "2038"]
[BlackElo "1908"]
[PlyCount "46"]
[EventDate "2009.07.11"]
[EventType "swiss"]
[EventRounds "9"]
[EventCountry "AUT"]
[SourceTitle "CBM 131 Extra"]
[Source "ChessBase"]
[SourceDate "2009.09.03"]
[SourceVersion "2"]
[SourceVersionDate "2009.09.16"]
[SourceQuality "1"]

1. d4 b5 2. Bf4 Bb7 3. e3 e6 4. Nf3 a6 5. c3 Nf6 6. Nbd2 c5 7. Be2 Be7 8. h3 0-0 9. 0-0 cxd4 10. exd4 d6 11. Re1 Nbd7 12. Bd3 Re8 13. a4 Bc6 14. axb5 Bxb5 15. c4 Bc6 16. Qc2 Qb6 17. Ra3 Bf8 18. Be3 Qc7 19. Rea1 Bb7 20. Ng5 g6 21. Nge4 Nxe4 22. Nxe4 Bxe4 23. Bxe4 d5 1/2-1/2

[Event "St Veit op 25th"]
[Site "St Veit"]
[Date "2006.07.08"]
[Round "1"]
[White "Kiss, Attila"]
[Black "Kuttnig, Roland"]
[Result "1-0"]
[WhiteElo "2399"]
[BlackElo "1953"]
[PlyCount "29"]
[EventDate "2006.07.08"]
[EventType "swiss"]
[EventRounds "9"]
[EventCountry "AUT"]
[SourceTitle "CBM 113 Extra"]
[Source "ChessBase"]
[SourceDate "2006.09.14"]
[SourceVersion "1"]
[SourceVersionDate "2006.09.14"]
[SourceQuality "1"]

1. Nf3 Nf6 2. c4 b6 3. g3 Bb7 4. Bg2 e6 5. d4 d5 6. 0-0 c5 7. Nc3 cxd4 8. Nxd4 Be7 9. cxd5 Nxd5 10. Nxd5 Bxd5 11. Qa4+ Kf8 12. Rd1 Nd7 13. e4 Nc5 14. Qc2 Bb7 15. Nxe6+ 1-0

[Event "Faakersee op 17th"]
[Site "Latschach"]
[Date "2001.08.12"]
[Round "2"]
[White "Kuttnig, Roland"]
[Black "Horvath, Peter"]
[Result "0-1"]
[WhiteElo "2058"]
[BlackElo "2441"]
[PlyCount "38"]
[EventDate "2001.08.04"]
[EventType "swiss"]
[EventRounds "9"]
[EventCountry "AUT"]
[SourceTitle "EXT 2002"]
[Source "ChessBase"]
[SourceDate "2001.11.25"]
[SourceVersion "1"]
[SourceVersionDate "2001.11.25"]
[SourceQuality "1"]

1. e4 c5 2. Nf3 Nc6 3. c3 d5 4. exd5 Qxd5 5. d4 e6 6. Be3 Nf6 7. Bb5 cxd4 8. Bxc6+ bxc6 9. Qxd4 Ba6 10. Nbd2 Bd6 11. c4 Qxd4 12. Bxd4 Ke7 13. 0-0 Rhd8 14. Rfe1 Rd7 15. Rad1 Rad8 16. b3 Ke8 17. Ne4 Bb4 18. Bxf6 Rxd1 19. Bxd8 Bxe1 0-1

[Event "AUT North-ch"]
[Site "Linz"]
[Date "2001.04.09"]
[Round "4"]
[White "Kuttnig, Roland"]
[Black "Moser, Eva"]
[Result "0-1"]
[WhiteElo "2071"]
[BlackElo "2309"]
[PlyCount "66"]
[EventDate "2001.04.06"]
[EventType "swiss"]
[EventRounds "9"]
[EventCountry "AUT"]
[SourceTitle "EXT 2006"]
[Source "ChessBase"]
[SourceDate "2005.11.24"]
[SourceVersion "1"]
[SourceVersionDate "2005.11.24"]
[SourceQuality "1"]

1. e4 b6 2. c4 Bb7 3. Nc3 e6 4. d4 d6 5. Nf3 Ne7 6. Bg5 h6 7. Be3 g6 8. Be2 Bg7 9. Qd2 Nd7 10. 0-0 f5 11. Bd3 Nf6 12. Qc2 0-0 13. Rad1 Nh5 14. d5 f4 15. Bc1 Bxc3 16. Qxc3 e5 17. Be2 Nf6 18. Qd3 Bc8 19. h3 Nxe4 20. Nxe5 Nc5 21. Qf3 dxe5 22. d6 Bb7 23. dxe7 Qxe7 24. Qg4 Kg7 25. h4 a5 26. b3 Rae8 27. Ba3 Bc8 28. Qf3 e4 29. Qc3+ Kh7 30. h5 f3 31. hxg6+ Kxg6 32. gxf3 Qg5+ 33. Kh1 Rf4 0-1

[Event "Wattens op 15th"]
[Site "Wattens"]
[Date "2000.08.27"]
[Round "2"]
[White "Langer, Herbert"]
[Black "Kuttnig, Roland"]
[Result "0-1"]
[WhiteElo "1622"]
[BlackElo "2072"]
[PlyCount "77"]
[EventDate "2000.08.26"]
[EventType "swiss"]
[EventRounds "9"]
[EventCountry "AUT"]
[SourceTitle "EXT 2001"]
[Source "ChessBase"]
[SourceDate "2000.11.22"]
[SourceVersion "1"]
[SourceVersionDate "2000.11.22"]
[SourceQuality "1"]

1. d4 b5 2. Nf3 Bb7 3. c4 bxc4 4. Nc3 d5 5. Bf4 e6 6. a3 c5 7. dxc5 Bxc5 8. e3 Nc6 9. Be2 Nf6 10. h3 0-0 11. 0-0 Qe7 12. Qc2 e5 13. Bg5 Rad8 14. Na4 Bd6 15. Rad1 Bc7 16. Nh2 Bc8 17. b3 Qxa3 18. bxc4 Nb4 19. Qc3 Qxa4 20. Ra1 Ne4 21. Rxa4 Nxc3 22. Rxb4 Nxe2+ 23. Kh1 f6 24. Bh4 d4 25. exd4 exd4 26. Rd1 Bxh2 27. Kxh2 d3 28. c5 Rfe8 29. c6 Nc3 30. Rd2 Ne4 31. Rd1 d2 32. Rb2 Ba6 33. f3 Be2 34. fxe4 Bxd1 35. c7 Bg4 36. cxd8Q Rxd8 37. Rxd2 Rxd2 38. hxg4 a5 39. Be1 0-1

[Event "Wattens op 14th"]
[Site "Wattens"]
[Date "1999.??.??"]
[Round "8"]
[White "Kuttnig, Roland"]
[Black "Ferrari, Josef"]
[Result "0-1"]
[WhiteElo "1805"]
[BlackElo "2120"]
[PlyCount "143"]
[EventDate "1999.??.??"]
[EventType "swiss"]
[EventRounds "9"]
[EventCountry "AUT"]
[SourceTitle "EXT 2001"]
[Source "ChessBase"]
[SourceDate "2000.11.22"]
[SourceVersion "1"]
[SourceVersionDate "2000.11.22"]
[SourceQuality "1"]

1. e4 e5 2. Nf3 Nc6 3. Bc4 Nf6 4. Nc3 d6 5. h3 Be7 6. 0-0 0-0 7. d4 exd4 8. Nxd4 Ne5 9. Bb3 c5 10. Nf3 Ng6 11. Qe2 h6 12. Rd1 Qc7 13. Nd5 Nxd5 14. Bxd5 Rb8 15. a4 Kh8 16. Ra3 Bd7 17. Qc4 f5 18. exf5 Rxf5 19. Re3 b5 20. axb5 Bxb5 21. Qg4 Rf6 22. Rde1 Rbf8 23. Re6 Bd8 24. Bg5 Rxe6 25. Qxe6 Bf6 26. Bxf6 gxf6 27. Qf5 Qg7 28. Re4 Bd7 29. Qh5 f5 30. Nh4 Ne5 31. Rxe5 dxe5 32. Ng6+ Kh7 33. Nxf8+ Qxf8 34. Qf7+ Qxf7 35. Bxf7 Kg7 36. Bd5 Kf6 37. f3 h5 38. h4 f4 39. Kf2 Bf5 40. c3 a5 41. Ke2 Be6 42. Bc6 Bc4+ 43. Kf2 Be6 44. Ke2 c4 45. Be8 Bf7 46. Bb5 Ke7 47. Ba4 Be8 48. Bc2 Kd6 49. Kd2 Bf7 50. Ke2 Kd5 51. Kd2 Ke6 52. Ke2 Kf6 53. Kf2 Bg6 54. Bd1 Bd3 55. Ke1 Ke6 56. Kf2 e4 57. fxe4 Bxe4 58. g3 f3 59. Bxf3 Bxf3 60. Kxf3 Kf5 61. Kf2 Kg4 62. Kg2 Kf5 63. Kf3 a4 64. Kf2 Ke4 65. Ke2 Ke5 66. Ke3 Kf5 67. Kf3 Ke5 68. g4 hxg4+ 69. Kxg4 Ke4 70. h5 Kd3 71. h6 Kc2 72. h7 0-1

[Event "Feffernitz Raika op 06th"]
[Site "Feffernitz"]
[Date "1997.08.17"]
[Round "?"]
[White "Neulinger, Manfred"]
[Black "Kuttnig, Roland"]
[Result "1-0"]
[WhiteElo "2310"]
[BlackElo "1743"]
[PlyCount "109"]
[EventDate "1997.08.??"]
[EventType "swiss"]
[EventRounds "9"]
[EventCountry "AUT"]
[SourceTitle "EXT 2004"]
[Source "ChessBase"]
[SourceDate "2003.11.25"]
[SourceVersion "1"]
[SourceVersionDate "2003.11.25"]
[SourceQuality "1"]

1. e4 e5 2. Nf3 Nc6 3. Bc4 Bc5 4. b4 Bxb4 5. c3 Be7 6. d4 Na5 7. Be2 d6 8. Qa4+ c6 9. dxe5 b5 10. Qd4 dxe5 11. Qxe5 Nf6 12. Ba3 h6 13. 0-0 Be6 14. Rd1 Qb6 15. Qd4 Qc7 16. e5 Rd8 17. Bd6 Bxd6 18. exd6 Qb8 19. Ne5 0-0 20. Bf3 Bd5 21. Bxd5 cxd5 22. Nd2 Rxd6 23. a4 Nc6 24. Nxc6 Rxc6 25. axb5 Qxb5 26. Rxa7 Rfc8 27. Rb1 Qe2 28. Ra3 Qe7 29. Rab3 Qc5 30. f3 Qxd4+ 31. cxd4 Kf8 32. Kf2 Ke7 33. Rb7+ R8c7 34. Ke2 Ke6 35. Rxc7 Rxc7 36. Kd3 Nd7 37. Ra1 Rc6 38. Nf1 Rb6 39. Ra3 Rb1 40. Ne3 Rb6 41. Ra5 Nf6 42. Kc3 g6 43. Ra1 Kd6 44. Nd1 Nd7 45. Kd3 Rb3+ 46. Kc2 Rb6 47. Nc3 Rb8 48. Ra7 Rc8 49. Kd3 Rd8 50. Ra6+ Kc7 51. Nxd5+ Kb7 52. Rd6 Kc8 53. Kc4 Re8 54. Rxd7 Kxd7 55. Nf6+ 1-0